| 000 | 02250nam a2200265 a 4500 | ||
|---|---|---|---|
| 008 | 190520s2009 ||||||||||||||||| || u | ||
| 020 | _a9781899999484 | ||
| 050 | _aBJ 1012 Buc | ||
| 100 | _aBuckingham, Will | ||
| 245 | 1 | 0 |
_aFinding our sea-legs: ethics, experience and the ocean of stories _cBy Will Buckingham |
| 260 |
_aKingston _bKingston University Press _c2009 |
||
| 300 | _axiii, 161 pages | ||
| 650 | 0 | _aETHICS | |
| 650 | _aSTORYTELLING--MORAL AND ETHICAL ASPECTS | ||
| 995 |
_aMAIN LIBRARY OPEN ACCESS _e749138 _FCBU-MAIN LIBRARY (Kitwe) _I689.91 _jBJ 1012 Buc _M1 _UAVAILABLE _WMay 21, 2019 _y749138 _ZMain Library Open Access Collection |
||
| 995 |
_aMEDICAL LIBRARY OPEN ACCESS _e904241 _FCBU-SCHOOL OF MEDICINE LIBRARY (Ndola) _jBJ 1012 Buc _M9 _UAVAILABLE _WJun 25, 2019 _y904241 _ZMedical Library Open Access Collection |
||
| 995 |
_aMAIN LIBRARY OPEN ACCESS _e749186 _FCBU-MAIN LIBRARY (Kitwe) _I689.91 _jBJ 1012 Buc _M4 _UAVAILABLE _WMay 21, 2019 _y749186 _ZMain Library Open Access Collection |
||
| 995 |
_aKAPASA MAKASA LIBRARY OPEN ACCESS _e749241 _FCBU-KAPASA MAKASA LIBRARY (Chinsali) _jBJ 1012 Buc _M5 _UAVAILABLE _WMay 29, 2019 _y749241 _ZKapasa Makasa Library Open Acess Collection |
||
| 995 |
_aMEDICAL LIBRARY OPEN ACCESS _e904239 _FCBU-SCHOOL OF MEDICINE LIBRARY (Ndola) _jBJ 1012 Buc _M7 _UAVAILABLE _WJun 25, 2019 _y904239 _ZMedical Library Open Access Collection |
||
| 995 |
_aKAPASA MAKASA LIBRARY OPEN ACCESS _e749242 _FCBU-KAPASA MAKASA LIBRARY (Chinsali) _jBJ 1012 Buc _M6 _UAVAILABLE _WMay 29, 2019 _y749242 _ZKapasa Makasa Library Open Acess Collection |
||
| 995 |
_aMEDICAL LIBRARY OPEN ACCESS _e904240 _FCBU-SCHOOL OF MEDICINE LIBRARY (Ndola) _jBJ 1012 Buc _M8 _UAVAILABLE _WJun 25, 2019 _y904240 _ZMedical Library Open Access Collection |
||
| 995 |
_aANNEX COLLECTION (Main Library) _e749140 _FCBU-MAIN LIBRARY (Kitwe) _I689.91 _jBJ 1012 Buc _M3 _UAVAILABLE _WMay 21, 2019 _y749140 _ZAnnex Low-Usage Collection |
||
| 995 |
_aMEDICAL LIBRARY OPEN ACCESS _e904242 _FCBU-SCHOOL OF MEDICINE LIBRARY (Ndola) _jBJ 1012 Buc _M10 _UAVAILABLE _WJun 25, 2019 _y904242 _ZMedical Library Open Access Collection |
||
| 995 |
_aMAIN LIBRARY OPEN ACCESS _e749139 _FCBU-MAIN LIBRARY (Kitwe) _I689.91 _jBJ 1012 Buc _M2 _UAVAILABLE _WMay 21, 2019 _y749139 _ZMain Library Open Access Collection |
||
| 999 |
_c63127 _d63127 |
||